000 00895nas a2200301 4500
001 BR0807959
003 BR-BrBNA
005 20231205112810.0
007 ta
008 230509b bl.|||p| |||| 00| 00por d
040 _aBR-BrBNA
_bpor
_cBiblioteca Nacional de Agricultura
041 _a(Pt)
072 _aF30
100 1 _aAlbuquerque, C.J.B.
100 1 _aVon Pinho, R.G.
100 1 _aBorges, I.D.
100 1 _aSouza Filho, A.X. de
100 1 _aFiorini, I.V.A.
245 1 _aDesempenho de híbridos experimentais e comerciais de milho para produção de milho verde
650 _aMILHO VERDE
650 _aESPIGA
650 _aHÍBRIDO
650 _aPRODUTIVIDADE
650 _aLAVRAS
773 0 _tCiência e Agrotecnologia (Brazil)
_xISSN 1413-7054
_g(May-Jun 2008), v. 32(3) p. 768-775
_wBR0807959
909 _a202311
_bLúcia
_c55
_dLúcia Elande
942 _2AGRIS
_n0
_cANA
999 _c200054
_d200054